|
|
|
|
| LEADER |
00673cam a2200193 7i4500 |
| 001 |
0000053014 |
| 005 |
20191017090000.0 |
| 020 |
|
|
|a 057505915X (pbk.)
|
| 020 |
|
|
|a 9780575059153 (pbk.)
|
| 090 |
0 |
0 |
|a DT1945
|b .N53 1995
|
| 100 |
1 |
|
|a Nicol, Mike
|
| 245 |
1 |
4 |
|a The waiting country :
|b a South African witness
|c Mike Nicol.
|
| 260 |
|
|
|a London:
|b Victor Gollancz,
|c 1995.
|
| 300 |
|
|
|a 211 p.
|
| 500 |
|
|
|a Gift: Zainol Ahmad Resource Center
|
| 600 |
1 |
0 |
|a Nicol, Mike, 1951-
|
| 650 |
0 |
0 |
|a Elections --
|x History --
|y 20th century --
|z South Africa
|
| 651 |
|
0 |
|a South Africa --
|x Politics and government --
|y 1989-1994
|
| 999 |
|
|
|a 0000067781
|b BOK
|c OPEN SHELF
|e 1st Floor, Bestari Jaya
|